<?xml version="1.0" encoding="UTF-8"?>
<record
    xmlns:xsi="http://www.w3.org/2001/XMLSchema-instance"
    xsi:schemaLocation="http://www.loc.gov/MARC21/slim http://www.loc.gov/standards/marcxml/schema/MARC21slim.xsd"
    xmlns="http://www.loc.gov/MARC21/slim">

  <leader>00997nam a2200289 a 4500</leader>
  <controlfield tag="001">000114432</controlfield>
  <controlfield tag="003">CHAP</controlfield>
  <controlfield tag="005">20220329144441.0</controlfield>
  <controlfield tag="008">180125s1986    mx     |rf   |||0|||spa d</controlfield>
  <datafield tag="010" ind1=" " ind2=" ">
    <subfield code="a">110893</subfield>
  </datafield>
  <datafield tag="011" ind1=" " ind2=" ">
    <subfield code="a">111865</subfield>
  </datafield>
  <datafield tag="040" ind1=" " ind2=" ">
    <subfield code="c">CHAP</subfield>
  </datafield>
  <datafield tag="082" ind1="0" ind2="4">
    <subfield code="a">641.3360297</subfield>
    <subfield code="b">M29</subfield>
  </datafield>
  <datafield tag="245" ind1="0" ind2="0">
    <subfield code="a">Manual de negociaci&#xF3;n sobre convenios de productos b&#xE1;sicos /</subfield>
    <subfield code="c">por Grupo de Pa&#xED;ses Latinoamericanos y del Caribe Exportadores de Az&#xFA;car.</subfield>
  </datafield>
  <datafield tag="260" ind1=" " ind2=" ">
    <subfield code="a">M&#xE9;xico :</subfield>
    <subfield code="b">GEPLACEA,</subfield>
    <subfield code="c">1986.</subfield>
  </datafield>
  <datafield tag="300" ind1=" " ind2=" ">
    <subfield code="a">111 p.</subfield>
  </datafield>
  <datafield tag="490" ind1="1" ind2=" ">
    <subfield code="a">Colecci&#xF3;n GEPLACEA. Manuales de mercado</subfield>
    <subfield code="v">2</subfield>
  </datafield>
  <datafield tag="590" ind1=" " ind2=" ">
    <subfield code="a">E6096MTM</subfield>
    <subfield code="b">05</subfield>
    <subfield code="c">20180125</subfield>
    <subfield code="l">UCH01</subfield>
    <subfield code="h">1459</subfield>
  </datafield>
  <datafield tag="590" ind1=" " ind2=" ">
    <subfield code="a">E6096MTM</subfield>
    <subfield code="b">05</subfield>
    <subfield code="c">20180129</subfield>
    <subfield code="l">UCH01</subfield>
    <subfield code="h">1103</subfield>
  </datafield>
  <datafield tag="650" ind1="1" ind2="4">
    <subfield code="a">Az&#xFA;car</subfield>
    <subfield code="x">Aspectos econ&#xF3;micos.</subfield>
    <subfield code="9">9135</subfield>
  </datafield>
  <datafield tag="650" ind1="1" ind2="4">
    <subfield code="a">Productos agr&#xED;colas</subfield>
    <subfield code="x">Convenios.</subfield>
    <subfield code="9">134499</subfield>
  </datafield>
  <datafield tag="700" ind1="0" ind2=" ">
    <subfield code="a">Grupo de Pa&#xED;ses Latinoamericanos y del Caribe Exportadores de Az&#xFA;car.</subfield>
    <subfield code="9">50877</subfield>
  </datafield>
  <datafield tag="830" ind1=" " ind2="0">
    <subfield code="a">Colecci&#xF3;n GEPLACEA. Manuales de mercado</subfield>
    <subfield code="v">2</subfield>
    <subfield code="9">134483</subfield>
  </datafield>
  <datafield tag="901" ind1=" " ind2=" ">
    <subfield code="a">BK</subfield>
  </datafield>
  <datafield tag="942" ind1=" " ind2=" ">
    <subfield code="c">LIBRO</subfield>
  </datafield>
  <datafield tag="942" ind1=" " ind2=" ">
    <subfield code="n">0</subfield>
  </datafield>
  <datafield tag="999" ind1=" " ind2=" ">
    <subfield code="c">110893</subfield>
    <subfield code="d">110893</subfield>
  </datafield>
  <datafield tag="952" ind1=" " ind2=" ">
    <subfield code="0">0</subfield>
    <subfield code="1">0</subfield>
    <subfield code="2">ddc</subfield>
    <subfield code="4">0</subfield>
    <subfield code="5">2</subfield>
    <subfield code="7">0</subfield>
    <subfield code="8">GRAL</subfield>
    <subfield code="a">CRSLA</subfield>
    <subfield code="b">CRSLA</subfield>
    <subfield code="d">2018-01-29</subfield>
    <subfield code="f">LIBRO</subfield>
    <subfield code="l">0</subfield>
    <subfield code="o">641.3360297 M29</subfield>
    <subfield code="p">02000001184</subfield>
    <subfield code="r">2019-12-31 00:00:00</subfield>
    <subfield code="w">2018-01-29</subfield>
    <subfield code="y">LIBRO</subfield>
  </datafield>
</record>
